The medieval weapons quiz - Statistics

General Stats
  • This quiz has been taken 613 times
  • The average score is 6 of 12
Answer Stats
Hint Answer % Correct
a double edged weapon with a guard, handle and pommel sword
93%
a short shaft with a flanged or spiked ball on the end mace
87%
made of wood and cord that fires projectiles bow
77%
same as above but acomidates both 1 and 2 hands longsword
69%
same as above but with a chain or cord flail
65%
a heavy single edge on the end of a shaft axe
61%
a wooden stick used to bash with club
57%
a double edged weapon for only 2 hands greatsword
46%
used by bards to bash people with lute
26%
same as above but 1 handed messer
17%
a single edged 2 handed sword used in germany kreigsmesser
3%
a 2 handed spiked club used in germany gutertarg
0%
No matching quizzes found
Score Distribution
Percent of People with Each Score
Percentile by Number Answered
Your Score History
You have not taken this quiz